000 00799nam a2200229 a 4500
001 13120
003 BD-JhCC
005 20230711104404.0
008 171022s20222023bg |||| ||a| 001 0 ben d
020 _a9789849675037
035 _a(BD-JhCC)13120
040 _aBD-JhCC
_dBD-JhCC
041 _abengali
082 _a953
_bKHA 2023
100 _aখন্দকার,এ কিউ এম আবদুস শাকুর
245 _aপ্রাক্- ইসলামি আরবদের ইতিহাস /
_cএ কিউ এম আবদুস শাকুর খন্দকার।
260 _aঢাকা :
_bপ্রথমা প্রকাশনী,
_c2023.
300 _a222 p. :
_c21 cm.
650 _aHistory of Arabics
942 _2ddc
_cBK
999 _c13120
_d13120